000 00566nam a2200181Ia 4500
008 151202s9999||||xx |||||||||||||| ||und||
082 _bPNVM-46508
100 _aचांदोरकर नीला.
245 _aजीवनदाता.
260 _bआरती प्रकाशन डोंबवली.
260 _c1992
300 _a220
600 _aचांदोरकर नीला.
630 _aजीवनदाता.
700 _aचांदोरकर नीला.
730 _aजीवनदाता.
942 _cBOOK
999 _c1312458
_d1312455